00445pab a2200145 454500008004000000100001600040245010500056260000900161300001300170362001100183650003000194650003800224650002200262773001500284180718b2001 xxu||||| |||| 00| 0 eng d aEwing, K.D. aTransparency, accountability and equality: the political parties, elections and Referendums Act 2000 c2001 ap.542-70 aAutumn aElections - Great Britain aPolitical parties - Great Britain aPolitical parties aPublic Law